000 00476nam a22002057a 4500
003 bpm
005 20260416113011.0
008 260416b |||||||| |||| 00| p spa d
020 _a9789870539865
024 _aS. C. C. / M. C. y E. M.:
040 _aAR-CtUCP
041 _aspa
080 _aCDU
100 _aRíos Nacha
245 _aCon el corazón en el norte
260 _aCorrientes
_c2008
650 _aLiteratura - Poesía
942 _cLIB
999 _c76654
_d76654